[Event "ISR-ch 41st"]
[Site "Arad"]
[Date "2022.12.09"]
[Round "5"]
[White "Shohat, Yotam"]
[Black "Shachar, Ehud"]
[Result "1-0"]
[WhiteElo "2294"]
[BlackElo "2319"]
[PlyCount "73"]
[EventDate "2022.12.05"]
[EventType "swiss"]
[EventRounds "9"]
[EventCountry "ISR"]
[SourceTitle "CBM 211 Extra"]
[Source "ChessBase"]
[SourceDate "2023.01.31"]
[SourceVersion "1"]
[SourceVersionDate "2023.01.31"]
[SourceQuality "1"]

1. e4 e6 2. d4 d5 3. Nc3 Nf6 4. e5 Nfd7 5. f4 c5 6. Nf3 Nc6 7. Be3 a6 8. Ne2 Be7 9. c3 Qc7 10. g3 b5 11. Bh3 g6 12. 0-0 c4 13. b4 Nb6 14. g4 h5 15. Ng5 hxg4 16. Bxg4 Bd7 17. Kg2 Bxg5 18. fxg5 Rh7 19. Rf6 0-0-0 20. Qf1 Be8 21. Qf2 Kb7 22. h4 Ne7 23. Nf4 Bd7 24. h5 gxh5 25. Nxh5 Nf5 26. Bf4 Rdh8 27. Bxf5 Rxh5 28. Bg4 Rh4 29. Qf3 R4h7 30. Rf1 Rg8 31. Be3 Rgg7 32. Rh6 Be8 33. Rfh1 Rxh6 34. gxh6 Rh7 35. Qf6 Nc8 36. Bg5 Bc6 37. Bd1 1-0

[Event "ISR-ch 41st"]
[Site "Arad"]
[Date "2022.12.08"]
[Round "4"]
[White "Shachar, Ehud"]
[Black "Kobo, Ori"]
[Result "0-1"]
[WhiteElo "2319"]
[BlackElo "2554"]
[PlyCount "216"]
[EventDate "2022.12.05"]
[EventType "swiss"]
[EventRounds "9"]
[EventCountry "ISR"]
[SourceTitle "CBM 211 Extra"]
[Source "ChessBase"]
[SourceDate "2023.01.31"]
[SourceVersion "1"]
[SourceVersionDate "2023.01.31"]
[SourceQuality "1"]

1. Nf3 d5 2. g3 Nc6 3. d4 Bf5 4. Bg2 e6 5. 0-0 Nb4 6. Na3 Be7 7. c3 Nc6 8. Nc2 h5 9. Ne3 Be4 10. Qb3 Rb8 11. Rd1 b5 12. a4 b4 13. a5 bxc3 14. Qxc3 Nb4 15. Ne5 Nf6 16. Bxe4 Nxe4 17. Qb3 0-0 18. f3 Nf6 19. Nc2 Nd7 20. Nd3 Nxd3 21. Qxd3 c5 22. Kh1 Qc8 23. Ra2 c4 24. Qe3 Qb7 25. Na1 Rfe8 26. Bd2 e5 27. Bc3 e4 28. fxe4 Bb4 29. a6 Qc6 30. e5 Nxe5 31. dxe5 d4+ 32. Qf3 Qxf3+ 33. exf3 dxc3 34. bxc3 Bxc3 35. f4 Red8 36. Rxd8+ Rxd8 37. Kg2 Rd1 38. Nc2 Rd2+ 39. Kf3 Rxh2 40. Ke4 Rd2 41. Ra4 Re2+ 42. Kf3 Rxc2 43. Rxc4 Rc1 44. Rc8+ Kh7 45. Rc7 Kg6 46. Rxa7 Ra1 47. Rc7 Be1 48. a7 Ra3+ 49. Ke4 Bxg3 50. f5+ Kg5 51. Rxf7 Ra4+ 52. Kd5 Ra5+ 53. Ke4 Bxe5 54. a8Q Rxa8 55. Kxe5 Re8+ 56. Kd4 h4 57. Rxg7+ Kxf5 58. Rh7 Kg4 59. Rg7+ Kf3 60. Rf7+ Kg2 61. Rg7+ Kh2 62. Kd3 Re1 63. Rh7 h3 64. Kd2 Rg1 65. Ke2 Rg5 66. Kf2 Rf5+ 67. Ke2 Kg3 68. Rg7+ Kh4 69. Rh7+ Kg3 70. Rg7+ Kh2 71. Rg8 Ra5 72. Kf1 Ra1+ 73. Kf2 Ra2+ 74. Kf1 Rg2 75. Rh8 Rg6 76. Kf2 Rf6+ 77. Ke2 Rf7 78. Rg8 Rf4 79. Rg7 Rb4 80. Kf2 Rb2+ 81. Kf1 Rg2 82. Rh7 Rg4 83. Kf2 Rg3 84. Rh8 Rg7 85. Kf1 Rf7+ 86. Ke2 Rf5 87. Rg8 Ra5 88. Kf2 Ra3 89. Rg7 Ra2+ 90. Kf1 Rc2 91. Rg8 Rc5 92. Kf2 Rf5+ 93. Ke2 Kh1 94. Rg3 h2 95. Rg8 Ra5 96. Kf2 Ra2+ 97. Kf1 Ra1+ 98. Kf2 Rg1 99. Ra8 Rg2+ 100. Kf3 Rg7 101. Ra1+ Rg1 102. Ra8 Rf1+ 103. Ke2 Rb1 104. Rg8 Rg1 105. Rh8 Kg2 106. Rg8+ Kh3 107. Rh8+ Kg3 108. Rg8+ Kf4 0-1

[Event "ISR-ch op"]
[Site "Safed"]
[Date "2021.12.14"]
[Round "7"]
[White "Kochavi, Ori"]
[Black "Shachar, Ehud"]
[Result "1-0"]
[WhiteElo "2262"]
[BlackElo "2340"]
[PlyCount "87"]
[EventDate "2021.12.08"]
[EventType "swiss"]
[EventRounds "9"]
[EventCountry "ISR"]
[SourceTitle "CBM 205 Extra"]
[Source "ChessBase"]
[SourceDate "2022.01.31"]
[SourceVersion "1"]
[SourceVersionDate "2022.01.31"]
[SourceQuality "1"]

1. e4 e6 2. d4 d5 3. Nd2 Nc6 4. Ngf3 Nf6 5. e5 Nd7 6. Nb3 a5 7. a4 b6 8. h4 h6 9. c3 Ncb8 10. Bf4 Ba6 11. g3 Bxf1 12. Kxf1 Be7 13. Kg2 c5 14. Qe2 Nc6 15. Nbd2 Qc8 16. Nb1 Qa6 17. Qxa6 Rxa6 18. Na3 Ra8 19. Rhc1 Rc8 20. Nb5 0-0 21. Ne1 f6 22. exf6 Bxf6 23. Bd6 Rf7 24. f4 Nd8 25. Nf3 Nb7 26. Bc7 Bd8 27. Bxd8 Rxd8 28. Re1 Rf6 29. Re2 Nf8 30. Ne5 Rc8 31. Rf1 h5 32. Rfe1 g6 33. Kh3 Kg7 34. Nf3 Kf7 35. Re5 Rc6 36. Rxh5 gxh5 37. Ne5+ Kg7 38. Nxc6 Rf7 39. Re5 Kh6 40. Kg2 Rd7 41. Rg5 Nh7 42. Ne5 Rg7 43. Rxg7 Kxg7 44. Nd7 1-0

[Event "ISR-ch op"]
[Site "Safed"]
[Date "2021.12.13"]
[Round "6"]
[White "Shachar, Ehud"]
[Black "Caspi, Israel"]
[Result "1/2-1/2"]
[WhiteElo "2340"]
[BlackElo "2499"]
[PlyCount "60"]
[EventDate "2021.12.08"]
[EventType "swiss"]
[EventRounds "9"]
[EventCountry "ISR"]
[SourceTitle "CBM 205 Extra"]
[Source "ChessBase"]
[SourceDate "2022.01.31"]
[SourceVersion "1"]
[SourceVersionDate "2022.01.31"]
[SourceQuality "1"]

1. e4 e5 2. Nf3 Nc6 3. Bb5 g6 4. c3 a6 5. Ba4 Bg7 6. d4 exd4 7. cxd4 b5 8. Bb3 Na5 9. Bc2 d6 10. h3 Nf6 11. 0-0 0-0 12. Re1 Bb7 13. Nbd2 Re8 14. b3 c5 15. Bb2 Nd7 16. Rb1 Nc6 17. dxc5 Bxb2 18. Rxb2 dxc5 19. Bb1 Qf6 20. Rc2 Rad8 21. Qc1 Re6 22. Rc3 Rd6 23. Nf1 Re8 24. Ne3 Nd4 25. Ng4 Qg7 26. Nxd4 Rxd4 27. Rf3 Rf8 28. Rg3 Kh8 29. e5 Re8 30. Rge3 Re6 1/2-1/2

[Event "ISR-ch op"]
[Site "Safed"]
[Date "2021.12.12"]
[Round "5"]
[White "Shachar, Ehud"]
[Black "Barak, Gil"]
[Result "1-0"]
[WhiteElo "2340"]
[BlackElo "2153"]
[PlyCount "135"]
[EventDate "2021.12.08"]
[EventType "swiss"]
[EventRounds "9"]
[EventCountry "ISR"]
[SourceTitle "CBM 205 Extra"]
[Source "ChessBase"]
[SourceDate "2022.01.31"]
[SourceVersion "1"]
[SourceVersionDate "2022.01.31"]
[SourceQuality "1"]

1. e4 e5 2. Nf3 Nc6 3. Bb5 a6 4. Ba4 Nf6 5. d3 d6 6. c3 g6 7. Nbd2 Bg7 8. Nf1 0-0 9. Bg5 b5 10. Bb3 Na5 11. Bc2 c5 12. Ne3 Be6 13. 0-0 h6 14. Bh4 g5 15. Bg3 Nh5 16. Re1 Nf4 17. d4 Nc4 18. d5 Bd7 19. Nxc4 bxc4 20. Bxf4 gxf4 21. Nd2 Qg5 22. Nxc4 Qg6 23. Kh1 Rab8 24. Rb1 Rfc8 25. Ba4 Bb5 26. Bxb5 axb5 27. Na5 Bf6 28. Nc6 Ra8 29. Ra1 Ra4 30. f3 c4 31. b3 Ra3 32. bxc4 bxc4 33. Qc2 Kh7 34. Qb2 Rca8 35. Re2 R8a4 36. Qb5 Qh5 37. Nb4 Ra5 38. Qb6 Qh4 39. Rc1 Be7 40. Qc7 Ra7 41. Qxc4 R3a4 42. Qc8 Ra8 43. Qf5+ Kg7 44. Rb2 Ra3 45. Qg4+ Qxg4 46. fxg4 Bg5 47. Rcc2 R3a4 48. Kg1 f3 49. gxf3 Be3+ 50. Kf1 h5 51. gxh5 Kh6 52. Ke2 Bf4 53. Kd3 Kxh5 54. Rg2 Bg5 55. Nc6 Ra3 56. Nb4 R3a5 57. Rg4 Rb5 58. Rbg2 f6 59. h4 Bf4 60. Rg8 Ra3 61. Rh8+ Bh6 62. Nc6 Rb1 63. Ne7 Rd1+ 64. Kc4 Rc1 65. Ng8 Raxc3+ 66. Kb4 Rc4+ 67. Kb3 R4c3+ 68. Kb2 1-0

[Event "ISR-ch op"]
[Site "Safed"]
[Date "2021.12.08"]
[Round "1"]
[White "Shachar, Ehud"]
[Black "Patt, Zafrir"]
[Result "1-0"]
[WhiteElo "2340"]
[BlackElo "1793"]
[PlyCount "55"]
[EventDate "2021.12.08"]
[EventType "swiss"]
[EventRounds "9"]
[EventCountry "ISR"]
[SourceTitle "CBM 205 Extra"]
[Source "ChessBase"]
[SourceDate "2022.01.31"]
[SourceVersion "1"]
[SourceVersionDate "2022.01.31"]
[SourceQuality "1"]

1. e4 c5 2. Nf3 d6 3. c3 Nf6 4. Be2 g6 5. 0-0 Bg7 6. Re1 0-0 7. Bf1 Nc6 8. h3 a6 9. d4 cxd4 10. cxd4 Nd7 11. Nc3 b5 12. d5 Nce5 13. Nd4 Nb6 14. f4 Nec4 15. b3 Na5 16. Bb2 Bd7 17. Qd2 Nb7 18. Nc6 Qe8 19. Rac1 Rc8 20. Nxb5 Bxb2 21. Qxb2 axb5 22. Bxb5 Nd8 23. Qd4 Na8 24. Qa4 Kg7 25. Rc2 Nxc6 26. dxc6 Be6 27. c7 Nb6 28. Qd4+ 1-0

[Event "ISR-chT"]
[Site "Israel"]
[Date "2021.04.30"]
[Round "3.6"]
[White "Shachar, Ehud"]
[Black "Kaspi, Alexander"]
[Result "0-1"]
[WhiteElo "2340"]
[BlackElo "2443"]
[PlyCount "90"]
[EventDate "2021.04.22"]
[EventType "team-tourn"]
[EventRounds "11"]
[EventCountry "ISR"]
[SourceTitle "EXT 2022"]
[Source "ChessBase"]
[SourceDate "2021.10.06"]
[SourceVersion "1"]
[SourceVersionDate "2021.10.06"]
[SourceQuality "1"]
[WhiteTeam "Kfar Saba Hapoel II"]
[BlackTeam "Rishon Le Zion Feldklein"]
[WhiteTeamCountry "ISR"]
[BlackTeamCountry "ISR"]

1. e4 d5 2. exd5 Qxd5 3. Nc3 Qa5 4. Bc4 Nf6 5. d3 c6 6. Bd2 Qc7 7. Qe2 Nbd7 8. Nf3 b5 9. Bb3 Nc5 10. Ne5 e6 11. 0-0 Bd6 12. d4 Nxb3 13. axb3 0-0 14. Rae1 a5 15. f4 b4 16. Ne4 Nxe4 17. Qxe4 Bb7 18. c3 c5 19. Qe3 cxd4 20. cxd4 Bd5 21. Rc1 Qb7 22. Qh3 f5 23. Nd3 Rf6 24. Rf2 Rg6 25. Nc5 Bxc5 26. dxc5 Bc6 27. Be1 Rd8 28. Rcc2 Qb5 29. Qe3 Be4 30. Rfd2 Rc8 31. Rc1 Qc6 32. Bg3 h5 33. h4 Bd5 34. Kh2 Rf6 35. Qe2 Qe8 36. Qd3 Rg6 37. Qe3 Rg4 38. Ra1 Ra8 39. Rc2 Qc6 40. Rd2 Kh7 41. Qd4 Qc7 42. Kh3 Bxb3 43. Qd6 Qf7 44. c6 Bd5 45. c7 Qg6 0-1

[Event "ISR-chT"]
[Site "Israel"]
[Date "2021.04.22"]
[Round "1.5"]
[White "Rozentalis, Eduardas"]
[Black "Shachar, Ehud"]
[Result "1-0"]
[WhiteElo "2526"]
[BlackElo "2340"]
[PlyCount "103"]
[EventDate "2021.04.22"]
[EventType "team-tourn"]
[EventRounds "11"]
[EventCountry "ISR"]
[SourceTitle "EXT 2022"]
[Source "ChessBase"]
[SourceDate "2021.10.06"]
[SourceVersion "1"]
[SourceVersionDate "2021.10.06"]
[SourceQuality "1"]
[WhiteTeam "Kfar Saba Hapoel"]
[BlackTeam "Kfar Saba Hapoel II"]
[WhiteTeamCountry "ISR"]
[BlackTeamCountry "ISR"]

1. e4 e6 2. d4 d5 3. Nd2 c5 4. Ngf3 cxd4 5. exd5 Qxd5 6. Bc4 Qd8 7. 0-0 Nc6 8. Nb3 a6 9. Qe2 b5 10. Bd3 Bb7 11. Rd1 Bd6 12. Nbxd4 Nxd4 13. Nxd4 Qc7 14. Kh1 Be5 15. Be4 Bxd4 16. Rxd4 Ne7 17. Bf4 Qc8 18. Bxb7 Qxb7 19. Rad1 Nf5 20. Rd7 Qxd7 21. Rxd7 Kxd7 22. Qd3+ Ke8 23. Qe4 Rd8 24. Qc6+ Kf8 25. g4 Ne7 26. Bd6 f6 27. Qc7 Re8 28. f4 Kf7 29. Qd7 g6 30. b3 h5 31. g5 fxg5 32. fxg5 h4 33. c4 bxc4 34. bxc4 Rh5 35. c5 Rxg5 36. c6 Rd5 37. c7 Rxd6 38. Qxd6 a5 39. Kg2 Rc8 40. Kh3 Kf6 41. Kg4 Kf7 42. a4 Kf6 43. Qd8 g5 44. Qd4+ Kf7 45. Qd8 Kf6 46. h3 Kf7 47. Kxg5 e5 48. Kxh4 e4 49. Kg3 Ke6 50. Kf2 Kf6 51. h4 e3+ 52. Ke2 1-0

[Event "Gibraltar Masters 18th"]
[Site "Caleta"]
[Date "2020.01.27"]
[Round "7"]
[White "Petrov, Martin"]
[Black "Shachar, Ehud"]
[Result "1-0"]
[WhiteElo "2504"]
[BlackElo "2363"]
[PlyCount "103"]
[EventDate "2020.01.21"]
[EventType "swiss"]
[EventRounds "10"]
[EventCountry "GGB"]
[SourceTitle "CBM 194 Extra"]
[Source "ChessBase"]
[SourceDate "2020.03.31"]
[SourceVersion "1"]
[SourceVersionDate "2020.03.31"]
[SourceQuality "1"]

1. d4 e6 2. c4 d5 3. Nf3 Nf6 4. e3 Be7 5. Bd3 a6 6. b3 c5 7. 0-0 Nc6 8. Bb2 0-0 9. Nbd2 b6 10. Rc1 cxd4 11. exd4 dxc4 12. bxc4 Bb7 13. Bb1 Rc8 14. Qb3 Re8 15. Rfd1 g6 16. Bc3 Nb8 17. Ne5 Nbd7 18. Ndf3 Bxf3 19. Nxf3 Qc7 20. Bb2 Nh5 21. g3 Bf6 22. Nd2 Bg7 23. f4 Nhf6 24. Nf3 Qb7 25. a4 Ne4 26. Ne5 Nxe5 27. fxe5 Ng5 28. h4 Nh3+ 29. Kh2 Nf2 30. Rf1 Ng4+ 31. Kh3 h5 32. Rf3 Red8 33. c5 Bxe5 34. c6 Qc7 35. dxe5 Rd2 36. Rc2 Rcd8 37. Bc1 Rd1 38. Kg2 Qxe5 39. c7 Rc8 40. Qc3 Qd5 41. Ba2 Qe4 42. Bf4 Kh7 43. Qc4 Qb7 44. Qc6 Qxc6 45. Rxc6 Rd4 46. Rd6 Rxa4 47. Bb3 Rxf4 48. Rxf4 Rxc7 49. Rxb6 Ne3+ 50. Kf2 Nf5 51. Rc4 Rd7 52. Bc2 1-0

[Event "Gibraltar Masters 17th"]
[Site "Caleta"]
[Date "2019.01.29"]
[Round "8"]
[White "Shachar, Ehud"]
[Black "Fuchs, Judith"]
[Result "1/2-1/2"]
[WhiteElo "2391"]
[BlackElo "2249"]
[PlyCount "67"]
[EventDate "2019.01.22"]
[EventType "swiss"]
[EventRounds "10"]
[EventCountry "GGB"]
[SourceTitle "CBM 188 Extra"]
[Source "ChessBase"]
[SourceDate "2019.02.26"]
[SourceVersion "1"]
[SourceVersionDate "2019.02.26"]
[SourceQuality "1"]

1. e4 c6 2. d4 d5 3. e5 c5 4. Ne2 Nc6 5. c3 cxd4 6. cxd4 Bf5 7. Ng3 Bg6 8. Be3 e6 9. Nc3 h5 10. Bd3 Bxd3 11. Qxd3 h4 12. Nge2 Nge7 13. h3 Nf5 14. 0-0 Be7 15. Rac1 Qd7 16. Qd2 Rg8 17. f4 0-0-0 18. Na4 Kb8 19. Nc5 Bxc5 20. Rxc5 Nxe3 21. Qxe3 Ne7 22. Kh2 Nf5 23. Qd2 g5 24. fxg5 Qe7 25. g4 hxg3+ 26. Nxg3 Nxg3 27. Kxg3 Rxg5+ 28. Kh2 Rdg8 29. Rc2 Qf8 30. Qa5 b6 31. Qc3 Qg7 32. Qc7+ Ka8 33. Qc6+ Kb8 34. Qc7+ 1/2-1/2

[Event "Gibraltar Masters 17th"]
[Site "Caleta"]
[Date "2019.01.28"]
[Round "7"]
[White "Antova, Gabriela"]
[Black "Shachar, Ehud"]
[Result "1-0"]
[WhiteElo "2263"]
[BlackElo "2391"]
[PlyCount "93"]
[EventDate "2019.01.22"]
[EventType "swiss"]
[EventRounds "10"]
[EventCountry "GGB"]
[SourceTitle "CBM 188 Extra"]
[Source "ChessBase"]
[SourceDate "2019.02.26"]
[SourceVersion "1"]
[SourceVersionDate "2019.02.26"]
[SourceQuality "1"]

1. d4 e6 2. c4 f5 3. g3 Nf6 4. Bg2 Be7 5. Nf3 d6 6. 0-0 0-0 7. Nc3 Ne4 8. Qc2 Nxc3 9. Qxc3 Bf6 10. Qc2 Qe7 11. Re1 Nc6 12. d5 Nb4 13. Qd2 a5 14. a3 Na6 15. Qxa5 e5 16. e4 f4 17. gxf4 exf4 18. Bxf4 Bxb2 19. Bg5 Bf6 20. Qd2 Nc5 21. Bxf6 Qxf6 22. Ra2 Bg4 23. Nd4 Ra4 24. Qc3 Qe5 25. Rc2 Rf6 26. f3 Bd7 27. Ne2 Qg5 28. f4 Qh4 29. Rf1 Rg6 30. Ng3 Rh6 31. Bh1 Bh3 32. Rff2 Rf6 33. Qe3 Ra8 34. e5 Re8 35. Bg2 Bxg2 36. Kxg2 g5 37. Qc3 Rxf4 38. e6 Ref8 39. Qe3 Qg4 40. Rce2 c6 41. e7 Re8 42. h3 Qh4 43. Nf5 Rxf2+ 44. Rxf2 Qe4+ 45. Rf3 Qc2+ 46. Kg1 Ne4 47. Qd4 1-0

[Event "Gibraltar Masters 17th"]
[Site "Caleta"]
[Date "2019.01.26"]
[Round "5"]
[White "Bopp, Thomas"]
[Black "Shachar, Ehud"]
[Result "0-1"]
[WhiteElo "2171"]
[BlackElo "2391"]
[PlyCount "110"]
[EventDate "2019.01.22"]
[EventType "swiss"]
[EventRounds "10"]
[EventCountry "GGB"]
[SourceTitle "CBM 188 Extra"]
[Source "ChessBase"]
[SourceDate "2019.02.26"]
[SourceVersion "1"]
[SourceVersionDate "2019.02.26"]
[SourceQuality "1"]

1. d4 e6 2. g3 f5 3. Bg2 Nf6 4. Nf3 d5 5. 0-0 Bd6 6. c4 c6 7. b3 Qe7 8. Bb2 0-0 9. Ne5 b6 10. Nd2 Bb7 11. Ndf3 a5 12. Rc1 Rd8 13. Qd2 Ne4 14. Qe3 Na6 15. Nd3 Rac8 16. Nfe5 c5 17. f3 Nf6 18. Kh1 Nb4 19. Nxb4 axb4 20. Rfd1 Ra8 21. Ra1 Ra7 22. Qd3 g6 23. cxd5 exd5 24. e3 Rda8 25. Qb1 b5 26. f4 c4 27. Kg1 Ra6 28. Bc1 Bc8 29. Bd2 Be6 30. Rc1 Bf7 31. h3 Be6 32. Kh1 Kg7 33. Kg1 Ne4 34. Be1 Qb7 35. Kh2 Ra3 36. Qb2 Qb6 37. Rcb1 cxb3 38. axb3 Qa6 39. Rxa3 bxa3 40. Qe2 b4 41. Qxa6 Rxa6 42. Bf1 Ra8 43. Nc6 Nc3 44. Ra1 Rc8 45. Ne5 Bf7 46. Nxf7 Kxf7 47. Kg2 Na4 48. Ba6 Rc2+ 49. Kf3 Nc3 50. Bb7 Ke6 51. Bc8+ Ke7 52. Bb7 Ne2 53. g4 Rc1 54. Ra2 Rxe1 55. Kf2 Rb1 0-1

[Event "Gibraltar Masters 17th"]
[Site "Caleta"]
[Date "2019.01.25"]
[Round "4"]
[White "Shachar, Ehud"]
[Black "Dragnev, Valentin"]
[Result "0-1"]
[WhiteElo "2391"]
[BlackElo "2511"]
[PlyCount "50"]
[EventDate "2019.01.22"]
[EventType "swiss"]
[EventRounds "10"]
[EventCountry "GGB"]
[SourceTitle "CBM 188 Extra"]
[Source "ChessBase"]
[SourceDate "2019.02.26"]
[SourceVersion "1"]
[SourceVersionDate "2019.02.26"]
[SourceQuality "1"]

1. Nf3 d5 2. g3 Nd7 3. d4 b5 4. Bg2 Bb7 5. 0-0 e6 6. a4 b4 7. a5 Rc8 8. c3 Ngf6 9. cxb4 Ba6 10. Bg5 Rb8 11. Qc2 Rxb4 12. Ne5 Nxe5 13. dxe5 Rc4 14. Qd1 h6 15. Nd2 Rb4 16. Bxf6 gxf6 17. exf6 Qxf6 18. Qc1 c5 19. b3 Bd6 20. Re1 0-0 21. e4 Be5 22. Ra2 c4 23. bxc4 dxc4 24. Bf1 Bd4 25. Nb1 Rfb8 0-1

[Event "Gibraltar Masters 17th"]
[Site "Caleta"]
[Date "2019.01.24"]
[Round "3"]
[White "Chen, Jonathan"]
[Black "Shachar, Ehud"]
[Result "0-1"]
[WhiteElo "1884"]
[BlackElo "2391"]
[PlyCount "142"]
[EventDate "2019.01.22"]
[EventType "swiss"]
[EventRounds "10"]
[EventCountry "GGB"]
[SourceTitle "CBM 188 Extra"]
[Source "ChessBase"]
[SourceDate "2019.02.26"]
[SourceVersion "1"]
[SourceVersionDate "2019.02.26"]
[SourceQuality "1"]

1. d4 e6 2. c4 f5 3. g3 Nf6 4. Bg2 Be7 5. Nf3 d6 6. 0-0 0-0 7. Nc3 Ne4 8. Qc2 Nxc3 9. Qxc3 Bf6 10. Qc2 e5 11. dxe5 dxe5 12. e4 fxe4 13. Qxe4 Qe7 14. Bd2 Nc6 15. Bc3 Re8 16. Rfe1 g6 17. Nd2 Be6 18. Qe2 Bg7 19. Bd5 Rad8 20. Qe4 Qd6 21. Bxe6+ Rxe6 22. Nf3 Re7 23. Re2 Bf6 24. Rd2 Nd4 25. Bxd4 exd4 26. Qxb7 c5 27. Qb3 Rde8 28. Qd3 Qb6 29. b3 Qa5 30. Rad1 Kg7 31. Qc2 Qb4 32. Qd3 a5 33. Rb1 Re4 34. Kf1 Qb7 35. a3 Re3 36. fxe3 Rxe3 37. Qxe3 dxe3 38. Rd5 Qe7 39. Ke2 Qe4 40. Rd3 g5 41. g4 Qxg4 42. Rg1 Qf4 43. Rxe3 h6 44. h3 Qf5 45. Rg3 Qc2+ 46. Nd2 Qb2 47. a4 Be5 48. Rg2 Bf4 49. Rd3 Bxd2 50. Rxd2 Qxb3 51. Ke1 Qxc4 52. Rg4 Qb3 53. Rdg2 Qxh3 54. Kd2 Qb3 55. R2g3 Qa2+ 56. Kd3 Kg6 57. Rc4 Qb3+ 58. Rc3 Qd5+ 59. Kc2 h5 60. Rgd3 Qf5 61. Kb3 h4 62. Kc4 Qe4+ 63. Kxc5 Qb4+ 64. Kd5 Qxa4 65. Rc6+ Kh5 66. Rd4 Qb3+ 67. Ke5 Qb8+ 68. Ke6 h3 69. Rdd6 h2 70. Kf5 Qf8+ 71. Rf6 Qxf6+ 0-1

[Event "ISR-chT"]
[Site "Israel"]
[Date "2018.02.09"]
[Round "5.4"]
[White "Kaplivatski, Alexander"]
[Black "Shachar, Ehud"]
[Result "0-1"]
[WhiteElo "2217"]
[BlackElo "2401"]
[PlyCount "106"]
[EventDate "2018.01.05"]
[EventType "team-tourn"]
[EventRounds "11"]
[EventCountry "ISR"]
[SourceTitle "CBM 182 Extra"]
[Source "ChessBase"]
[SourceDate "2018.02.23"]
[SourceVersion "1"]
[SourceVersionDate "2018.02.23"]
[SourceQuality "1"]
[WhiteTeam "Haifa Nesher"]
[BlackTeam "Kfar Saba Hapoel II"]
[WhiteTeamCountry "ISR"]
[BlackTeamCountry "ISR"]

1. e4 e6 2. d4 d5 3. Nd2 Nc6 4. Ngf3 Nf6 5. e5 Nd7 6. Bb5 a6 7. Bxc6 bxc6 8. c4 dxc4 9. Nxc4 Nb6 10. Qc2 Nxc4 11. Qxc4 Qd5 12. Qc2 c5 13. Be3 cxd4 14. Bxd4 Bb4+ 15. Kf1 Bb7 16. a3 Be7 17. h4 Rd8 18. Bc3 0-0 19. Rh3 Qd3+ 20. Qxd3 Rxd3 21. Rc1 c5 22. Ba5 Bc6 23. Ke1 Rb8 24. Bc3 Bxf3 25. gxf3 h5 26. Ke2 Rbd8 27. Rc2 R8d5 28. Bd2 g6 29. Be3 Rb3 30. f4 Rd7 31. Rh1 Rdb7 32. Bc1 Rd7 33. Be3 Kg7 34. Rd1 Rdb7 35. Rdd2 R7b5 36. Kf1 a5 37. Kg2 c4 38. Bd4 Rd3 39. Rxd3 cxd3 40. Rd2 Rd5 41. Be3 Bxh4 42. b4 a4 43. Kf3 Be7 44. Ke4 f5+ 45. exf6+ Bxf6 46. Rxd3 h4 47. Rxd5 exd5+ 48. Kf3 d4 49. Bd2 Kf7 50. Ke4 Ke6 51. Bc1 h3 52. Kf3 Kd5 53. Kg3 d3 0-1

[Event "Gibraltar Masters 16th"]
[Site "Caleta"]
[Date "2018.02.01"]
[Round "10"]
[White "Lei, Tingjie"]
[Black "Shachar, Ehud"]
[Result "1-0"]
[WhiteElo "2531"]
[BlackElo "2401"]
[PlyCount "67"]
[EventDate "2018.01.23"]
[EventType "swiss"]
[EventRounds "10"]
[EventCountry "GGB"]
[SourceTitle "CBM 183"]
[Source "ChessBase"]
[SourceDate "2018.03.14"]
[SourceVersion "1"]
[SourceVersionDate "2018.03.14"]
[SourceQuality "1"]

1. e4 e6 2. d4 d5 3. Nd2 dxe4 4. Nxe4 Bd7 5. Nf3 Bc6 6. Bd3 Nd7 7. c3 Ngf6 8. Nxf6+ Nxf6 9. 0-0 Bxf3 10. Qxf3 Qd5 11. Qe2 Qh5 12. Qxh5 Nxh5 13. f4 g6 14. g4 Ng7 15. f5 gxf5 16. gxf5 Nxf5 17. Bxf5 Rg8+ 18. Kh1 exf5 19. Rxf5 Bd6 20. Bg5 Rg6 21. Raf1 Kf8 22. Rxf7+ Kg8 23. Be7 Bxe7 24. Rxe7 Rg7 25. Rg1 Rxg1+ 26. Kxg1 Rc8 27. Kg2 b5 28. Kf3 a5 29. d5 Rf8+ 30. Ke4 Rf2 31. Rxc7 Kf8 32. d6 Ke8 33. Kd5 Rxb2 34. Kc6 1-0

[Event "Gibraltar Masters 16th"]
[Site "Caleta"]
[Date "2018.01.23"]
[Round "1"]
[White "Shachar, Ehud"]
[Black "Mozelius, Peter"]
[Result "1-0"]
[WhiteElo "2401"]
[BlackElo "1871"]
[PlyCount "53"]
[EventDate "2018.01.23"]
[EventType "swiss"]
[EventRounds "10"]
[EventCountry "GGB"]
[SourceTitle "CBM 183"]
[Source "ChessBase"]
[SourceDate "2018.03.14"]
[SourceVersion "1"]
[SourceVersionDate "2018.03.14"]
[SourceQuality "1"]

1. Nf3 g6 2. d4 Bg7 3. e4 d6 4. c3 Nd7 5. Bc4 e6 6. h4 h5 7. Bg5 Bf6 8. Nbd2 a6 9. e5 dxe5 10. Ne4 Bxg5 11. Nfxg5 Nb6 12. Bb3 exd4 13. Qf3 Qe7 14. 0-0-0 Bd7 15. Rxd4 Bc6 16. Re1 Nd7 17. Qf4 Ndf6 18. Bxe6 fxe6 19. Nxf6+ Nxf6 20. Rxe6 Qxe6 21. Nxe6 Kf7 22. Ng5+ Kg7 23. Qxc7+ Nd7 24. Rxd7+ Bxd7 25. Qxd7+ Kf6 26. Qf7+ Ke5 27. Qe6+ 1-0

[Event "Gibraltar Masters 15th"]
[Site "Caleta"]
[Date "2017.01.27"]
[Round "4"]
[White "Shachar, Ehud"]
[Black "Narciso Dublan, Marc"]
[Result "1/2-1/2"]
[WhiteElo "2374"]
[BlackElo "2508"]
[PlyCount "57"]
[EventDate "2017.01.24"]
[EventType "swiss"]
[EventRounds "10"]
[EventCountry "GGB"]
[SourceTitle "CBM 177"]
[Source "ChessBase"]
[SourceDate "2017.03.16"]
[SourceVersion "1"]
[SourceVersionDate "2017.03.16"]
[SourceQuality "1"]

1. e4 d6 2. d4 Nf6 3. Bd3 e5 4. c3 d5 5. dxe5 Nxe4 6. Nf3 Nc5 7. Bc2 Bg4 8. 0-0 Nc6 9. Re1 Be7 10. b4 Ne6 11. h3 Bh5 12. Bb3 d4 13. b5 Na5 14. Bxe6 fxe6 15. g4 Bg6 16. Qxd4 0-0 17. Qxd8 Raxd8 18. Nd4 Bh4 19. Re2 c5 20. bxc6 Nxc6 21. Be3 Nxe5 22. Nd2 Bd3 23. Ree1 Rd6 24. a4 a6 25. Ra2 Bg6 26. Rf1 Bd3 27. Re1 Bg6 28. Rf1 Bd3 29. Re1 1/2-1/2

[Event "Gibraltar Masters 15th"]
[Site "Caleta"]
[Date "2017.01.25"]
[Round "2"]
[White "Shachar, Ehud"]
[Black "Del Rio de Angelis, Salvador Gabriel"]
[Result "1/2-1/2"]
[WhiteElo "2374"]
[BlackElo "2527"]
[PlyCount "70"]
[EventDate "2017.01.24"]
[EventType "swiss"]
[EventRounds "10"]
[EventCountry "GGB"]
[SourceTitle "CBM 177"]
[Source "ChessBase"]
[SourceDate "2017.03.16"]
[SourceVersion "1"]
[SourceVersionDate "2017.03.16"]
[SourceQuality "1"]

1. e4 e6 2. d4 d5 3. exd5 exd5 4. Nf3 Nf6 5. Bd3 c5 6. 0-0 Nc6 7. h3 cxd4 8. Re1+ Be7 9. Nbd2 0-0 10. a3 Re8 11. b4 Bd6 12. Bb2 Bd7 13. Nxd4 Ne5 14. N2f3 Nxd3 15. Qxd3 Qb6 16. Nf5 Bxf5 17. Qxf5 Ne4 18. Rxe4 dxe4 19. Ng5 Bh2+ 20. Kxh2 Qg6 21. Qxg6 hxg6 22. f3 Rac8 23. Nxe4 Rxc2 24. Bd4 b6 25. Re1 Rd8 26. Be3 Ra2 27. Bc1 Ra1 28. Nc3 Rc8 29. Ne2 Re8 30. Kg3 Ra2 31. Kf2 a5 32. bxa5 bxa5 33. f4 f5 34. Kf3 Kf7 35. Kf2 Re4 1/2-1/2